• 首页
  • 本馆介绍
  • 公告通知
  • 最新文献
  • 馆藏检索
  • 电子资源
  • 读者导购
  • 参考咨询
  • 我的图书馆
  • 登录
  • 详细信息显示
  • 放入我的书架
  • 预约/预借图书
  • 作者相关作品
  • 分类相关作品
  • 丛书相关作品
  • 出版社相关作品

书目信息

  • 表格格式
  • 工作单格式
  • 卡片格式
题名:
模拟CMOS集成电路设计
    
 
作者: 拉扎维 著 ;池保勇 编译
分册:  
出版信息: 北京   清华大学出版社  2021.8
页数: 15,647页
开本: 26cm
丛书名: 电子信息前沿技术丛书
单 册:
中图分类: TN432.02
科图分类:
主题词: CMOS电路--电路设计--教材
电子资源:
ISBN: 978-7-302-48985-6
000 01326nam0 2200313 45
001 012001002749
005 20141008112959.0
010    @a978-7-302-48985-6@dCNY128.00
100    @a20180115d2018 em y0chiy50 ea
101 0  @aeng@gchi
102    @aCN@b110000
105    @aa z 000yy
106    @ar
200 1  @a模拟CMOS集成电路设计@Amo ni CMOS ji cheng dian lu she ji@b专著@f(美)Behzad Razavi著@g池保勇编译
210    @a北京@c清华大学出版社@d2021.8
215    @a15,647页@c图@d26cm
225 1  @a电子信息前沿技术丛书
300    @a并列题名:Design of analog CMOS integrated circuits
306    @a麦格劳-希尔(亚洲)教育出版公司和清华大学出版社有限公司合作出版
312    @a版权页英文题名:Design of analog CMOS integrated circuits
330    @a本书讲述模拟CMOS集成电路的分析与设计方法,重点阐述当前产业背景下学生和一线工作的工程师需要掌握的基本原理和新理念新方法。由于模拟电路设计同时强调直观认识和严密分析,每一个概念都先从直观认识的角度引入,然后进行仔细的分析。
461  0 @12001 @a电子信息前沿技术丛书
510 1  @aDesign of analog CMOS integrated circuits@zeng
606 0  @aCMOS电路@x电路设计@j教材
690    @aTN432.02@v5
701  0 @c(美)@a拉扎维@Ala zha wei@c(Razavi, Behzad)@4著
702  0 @a池保勇@Achi bao yong@4编译
801  2 @aCN@bBJSDL@c20211018
905    @b1350286-9@dTN432.02@e221@f4
    
    模拟CMOS集成电路设计/(美)Behzad Razavi著/池保勇编译.-北京:清华大学出版社,2021.8
    15,647页:图;26cm.-(电子信息前沿技术丛书)
    并列题名:Design of analog CMOS integrated circuits
    
    ISBN 978-7-302-48985-6:CNY128.00
    本书讲述模拟CMOS集成电路的分析与设计方法,重点阐述当前产业背景下学生和一线工作的工程师需要掌握的基本原理和新理念新方法。由于模拟电路设计同时强调直观认识和严密分析,每一个概念都先从直观认识的角度引入,然后进行仔细的分析。
●
相关链接 在E读中查询图书 在五车中查询图书 在当当中查询图书 在豆瓣中查询图书


正题名:模拟CMOS集成电路设计     索取号:TN432.02/221         预约/预借

序号 登录号 条形码 馆藏地/架位号 状态 备注
1 1350286   213502869   第二样本阅览室/ [索取号:TN432.02/221] 在馆    
2 1350287   213502878   第三借阅区/ [索取号:TN432.02/221] 在馆    
3 1350288   213502887   第三借阅区/ [索取号:TN432.02/221] 在馆    
4 1350289   213502896   第三借阅区/ [索取号:TN432.02/221] 在馆    
唐山师范学院图书馆 欢迎您!
大连网信软件有限公司© 版权所有